000 00617nam a2200241Ia 4500
003 OSt
005 20220918185123.0
006 a|||||r|||| 00| 0
007 ta
008 220917b |||||||| |||| 00| 0 eng d
024 _a49,661
037 _cTextual
040 _aARTS
_cARTS
_beng
041 _2eng
_aeng
082 _aP,6:(R34), M0
100 _aAdler M J
_967873
245 0 _aPragmatic logpic for mommands
260 _aAusterdam
_bJohn Brnjamin
_c1980
300 _a131p.
_ccm.
650 _aLINGUISTICS
942 _hP,6:(R34), M0
_cTEXL
_2CC
999 _c179283
_d179283